00282nam a2200109Ia 4500100003000000654001300030245005300043260003600096082002000132300000800152546001200160 aMidwinter/ Gambling/ ed.  awideband aOfficial technology and wideband Local networks bThe royal societyaLondonc1989 a621.380414bMID a153 aENGLISH